000 00465nam a2200145Ia 4500
008 211109s9999||||xx |||||||||||||| ||und||
082 _a894.8121
_bSAN-B
100 _aSankaran,
245 0 _aBharathamala Part I
260 _bSuperindent, Government Press
_aThiruvananthapuram
_c1949
300 _a16p.
630 _xGeneral Stack
650 _aLiterature & rhetoric
_vLiteratures of other languagesMalayalam literatureMalayalam Poetry
_xGeneralia
942 _cBOOK
999 _c15714
_d15714